Rakúsko spúšťa prvú etapu daňovej reformy
Od 1. januára 2004 vstupuje v Rakúsku do platnosti prvá etapa daňovej reformy. Zmeny v daňových pravidlách prinesú zníženie daňového zaťaženia fyzických a právnických osôb o 500 miliónov eur.
Gespeichert in:
| 1. Verfasser: | |
|---|---|
| Format: | Buchkapitel |
| Sprache: | Slowakisch |
| Schlagworte: | |
| Tags: |
Keine Tags, Fügen Sie das erste Tag hinzu!
|
MARC
| LEADER | 00000naa$a2200000$$$4500 | ||
|---|---|---|---|
| 001 | 0003026 | ||
| 005 | 20230925123445.1 | ||
| 041 | 0 | |a slo | |
| 044 | |a SK | ||
| 245 | 1 | 0 | |a Rakúsko spúšťa prvú etapu daňovej reformy |c aut. Soňa Zverková |
| 520 | |a Od 1. januára 2004 vstupuje v Rakúsku do platnosti prvá etapa daňovej reformy. Zmeny v daňových pravidlách prinesú zníženie daňového zaťaženia fyzických a právnických osôb o 500 miliónov eur. | ||
| 610 | 2 | 0 | |a reformy daňové |
| 610 | 2 | 0 | |a zaťaženie daňové |
| 610 | 2 | 0 | |a zvýhodnenie daňové |
| 610 | 2 | 0 | |a Rakúsko |
| 610 | 2 | 0 | |a 2004 |
| 100 | 1 | |a Zverková, Soňa | |